000 00360nam a22001577a 4500
003 OSt
005 20211227142306.0
008 211227b |||||||| |||| 00| 0 eng d
020 _a0340692324
040 _cHU
050 _a004
082 _a004
100 _aBEALES R.P.
_925434
245 _aPC Systems Installation and Maintenance
942 _2ddc
_cBOOKS
_n0
999 _c24375
_d24375